Leadership development : programs and practices, future directions, examples and models ; a report by Saratoga Institute
| Format: | Book |
|---|---|
| Published: |
New York :
American Management Association ,
1998
|
| Subjects: |
MARC
| LEADER | 00000cam a2200000 7i4500 | ||
|---|---|---|---|
| 001 | 0000036919 | ||
| 002 | 000039978 | ||
| 005 | 20000331.0 | ||
| 020 | |a 0814479758 | ||
| 090 | 0 | 0 | |a 658.4092 |b LEA |
| 245 | 0 | 0 | |a Leadership development : |b programs and practices, future directions, examples and models ; a report by Saratoga Institute |
| 260 | |a New York : |b American Management Association , |c 1998 | ||
| 300 | |a 123p. ; |c 28cm. | ||
| 650 | 0 | 0 | |a Executives |x Training of |
| 650 | 0 | 0 | |a Leadership |
| 999 | |a 084413 |b BUKU |c PINJAMAN |e PERPUSTAKAAN KOMUNITI PETALING JAYA | ||